Nordic Countries A-Z - Statistics

General Stats
  • This quiz has been taken 27 times
  • The average score is 17 of 26
Answer Stats
Hint Answer % Correct
B) Sea that lies between theNordic countries and Europe Baltic
100%
C) Spelled København in its native language Copenhagen
100%
V) Popular automaker that originated in Sweden Volvo
100%
F) Autonomous island chain northof Scotland that is owned by Denmark Faroe
96%
L) Region of northern Finland where Santa is from Lapland
96%
M) Swedish port city connected to Copenhagen via bridge Malmo
96%
S) The largest city in Scandinavia Stockholm
96%
D) The language of Denmark Danish
92%
G) 2nd largest city in Sweden Gothenburg
92%
J) Region that makes up the continentalDanish peninsula Jutland
92%
N) Rough sea in between Norwayand Scotland North
92%
Q) Maud and Margaret were these as rulersof Norway Queen
92%
A) 2nd biggest city in Denmark Aarhus
84%
T) 3rd largest city in Finland, known asthe sauna capital of the world Tampere
68%
U) Swedish city known for its medieval architecture and university Uppsala
68%
Z) Copenhagen is located on this Danish island Zealand
68%
E) 2nd biggest city in Finland Espoo
56%
K) Icelands main airport is located here Keflavik
44%
O) The bridge that links Copenhagenand Malmo Oresund
44%
R) Capital of the Lapland region of Finland Rovaniemi
40%
X) Most popular selling Volvo model in Sweden XC60
16%
Y) Swedish port town known for its cobblestonestreets and Medieval architecture Ystad
12%
H) Famous spired Lutheran church indowntown Reykjavik Hallgrimskirkja
4%
P) Greek astronomer that wrote abouthis expedition to the Nordic region Pytheas
4%
W) Isafjordor is located in this remoteIcelandic region Westfjords
4%
I) Town in the deep northwest of Icelandknown for its massive fjords Isafjordor
0%
No matching quizzes found
Score Distribution
Percent of People with Each Score
Percentile by Number Answered
Your Score History
You have not taken this quiz